000 00639nam a2200205Ia 4500
003 GCL
008 140319s9999 xx 000 0 ara d
040 _aGCL /
_cGCL
082 0 4 _a181.043
_bح ب
100 1 _aحامد عبدالقادر
245 1 0 _aبوذا الاكبر حياته وفلسفته /
_cحامد عبدالقادر
260 _a[S.N] :
_bدار نهضة مصر للطبع والنشر ،
_c1986
300 _a151 ص
490 _a
650 0 4 _aالفلسفة
650 0 4 _aالفلسفة الشرقية
650 0 4 _aالفلسفة القديمة
650 0 4 _aالفلسفة البوذية
942 _2ddc
_cBK
999 _c31666
_d31666